| 000 | 00408nam a2200157Ia 4500 | ||
|---|---|---|---|
| 008 | 230312s9999||||xx |||||||||||||| ||und|| | ||
| 020 | _a0-19-866284-X | ||
| 082 |
_a658 _bLEI |
||
| 100 | _aLeigh Judith | ||
| 245 | 0 | _aOrganizing and Participating in Meetings | |
| 260 |
_bOxford _aNew York _c2002 |
||
| 300 | _a141 | ||
| 546 | _aEng. | ||
| 650 |
_aManagement _vgroundwork,why,who,where.and,when |
||
| 942 | _cBK | ||
| 999 |
_c1001 _d1001 |
||